Leather processing &tanning technology

Salvato in:
Dettagli Bibliografici
Autore principale: PANDY, Dinesh
Natura: Libro
Lingua:inglese
Pubblicazione: Ishwar Books 2019
Tags: Aggiungi Tag
Nessun Tag, puoi essere il primo ad aggiungerne!!

MARC

LEADER 00000nam a22000007a 4500
008 211028b ||||| |||| 00| 0 eng d
020 |a 9789386806444 
100 |a PANDY, Dinesh 
245 |a Leather processing &tanning technology  |c Dinesh Pandy  |g vi,256p.:ill. 
260 |b Ishwar Books  |c 2019  |h New Delhi  |i 697100  |i 697101  |l TS967.P19  |m Leather  |m Tanning 
500 |a It includes bibliography and index 
942 |a lcc  |c BK  |e Kuteyi M. A.  |f 28/10/2021 
952 |0 0  |1 0  |2 lcc  |4 0  |6 TS0967 P19  |7 0  |9 3719  |a HOL  |b HOL  |c QZ  |d 2021-10-28  |l 0  |o TS967.P19  |p 2021-67454  |r 2021-10-28 00:00:00  |w 2021-10-28  |y BK 
952 |0 0  |1 0  |2 lcc  |4 0  |6 TS0967 P19  |7 0  |9 3720  |a HOL  |b EDM  |c QZ  |d 2021-10-28  |l 0  |o TS967.P19  |r 2021-10-28 00:00:00  |w 2021-10-28  |y BK 
999 |c 1853  |d 1853